000 01083nac a22001931u 4500
008 101128s2007 xxu||||| |||| 00| 0 ara d
082 _a338.27282
_bن ف ط
100 1 _aمورس ، إدوارد
_921304
245 _aالنفط والاستبداد :
_bالاقتصاد السياسي للدولة الريعية /
_cإدوارد مورس ... [واخ ؛ ترجمة معهد الدراسات الاستراتيجية]
260 _aبيروت :
_bمعهد الدراسات الاستراتيجية ،
_c2007.
300 _a400 ص ؛
_bايض :
_c20 سم.
504 _aيشتمل على إرجاعات ببليوجرافية وفهارس
511 _aCatalogued by: Sara
650 _aالبترول
_921312
_xإقتصاديات
700 _921304
_aمورس ، إدوارد
710 1 _aمعهد الدراسات الاستراتيجية
_921314
942 _cBB
_k338.27282 ن ف ط
_2ddc
999 _c7897
_d7897